000 00858cam a22003017a 4500
003 CHAP
005 20220329132951.0
008 971013c19881970 r 00010 d
010 _a757
011 _a1729
035 _a905
040 _cCHAP
082 _a301.2
_bF6Y
100 0 0 _aFoucault, Michel.
_942746
245 1 3 _aLa arqueología del saber
260 _aMéxico, D. F. :
_bSiglo XXI,
_c1988 [c1970]
300 _a355 p.
500 _a37-231
590 _aBATCH-UPD
_b10
_c20130110
_lUCH01
_h1156
590 _aBATCH-UPD
_b10
_c20130410
_lUCH01
_h0739
590 _aBATCH-UPD
_b10
_c20130914
_lUCH01
_h1127
590 _aCONVERSION
_b10
_c20130109
_lUCH01
_h1302
650 1 4 _aCultura.
_930401
650 1 4 _aErudición.
_937349
901 _aBK
942 _cLIBRO
949 _a301.2 F6Y
_bBC
_cLIBRO
_d33724000289864
_eLIBRO
_gI. c/e
_h77790
_i905
_si
_t14.58
999 _c757
_d757